00243nam a2200109Ia 4500008004100000020001500041100002300056245001600079250000800095260002200103300000800125211105s9999 xx 000 0 und d aVYASA16510 aSwami Maheshananda 0aYoga Karika a1st bKaivalyadhamac\N a261